| 000 | 00432nam a2200169Ia 4500 | ||
|---|---|---|---|
| 999 |
_c30570 _d30570 |
||
| 003 | OSt | ||
| 005 | 20250523134023.0 | ||
| 008 | 250310s9999||||xx |||||||||||||| ||und|| | ||
| 040 | _c. | ||
| 082 |
_a823.912 _bH6157 |
||
| 100 |
_94842 _aHeyer, Georgette |
||
| 245 | 0 |
_aDuplicate Death / _cGeorgette Heyer |
|
| 260 |
_aMelbourne : _bWilliam heinemann, _c1951. |
||
| 300 | _a271 p. | ||
| 650 | 0 |
_92474 _aEnglish fiction |
|
| 942 |
_cBK _2ddc |
||